Dreiecks-Verhältnisse : Architektur- und Ingenieurzeichnungen aus vier Jahrhunderten ; [Ausstellung im Germanischen Nationalmuseum Nürnberg vom 25. Juli bis 22. September 1996]
Saved in:
| Other Authors: | |
|---|---|
| Document Type: | Book |
| Language: | German |
| Published: |
Nürnberg
: Verlag des Germanischen Nationalmuseums
, 1996
|
| Series: | Ausstellungskatalog des Germanischen Nationalmuseums
|
| Subjects: | |
| Online Access: | Inhaltsverzeichnis Inhaltsverzeichnis |
| Related Items: | Rezensiert in:
[Rezension von: Dreiecks-Verhältnisse, Architektur- und Ingenieurzeichnungen aus vier Jahrhunderten] |
| Author Notes: | [Germanisches Nationalmuseum]. [Katalogbearb.: Werner Broda] |
| LEADER | 05720cam a2201057 c 4500 | ||
|---|---|---|---|
| 001 | 212643207 | ||
| 003 | DE-627 | ||
| 005 | 20260613203436.0 | ||
| 007 | tu | ||
| 008 | 960706s1996 gw ||||| c 00| ||ger c | ||
| 015 | |a 96,N29,0478 |2 dnb | ||
| 015 | |a 96,N29,0478 |2 dnb | ||
| 016 | 7 | |a 947922113 |2 DE-101 | |
| 020 | |a 3926982462 |q : ca. DM 35.00 (kart., freier Pr.) |9 3-926982-46-2 | ||
| 035 | |a (DE-627)212643207 | ||
| 035 | |a (DE-603)051006960 | ||
| 035 | |a (DE-576)053297547 | ||
| 035 | |a (DE-599)DNB947922113 | ||
| 035 | |a (OCoLC)1573383050 | ||
| 035 | |a (OCoLC)36091855 | ||
| 035 | |a (OCoLC)1078738100 | ||
| 035 | |a (OCoLC)320231576 | ||
| 035 | |a (OCoLC)611312722 | ||
| 040 | |a DE-627 |b ger |c DE-627 |e rakwb | ||
| 041 | |a ger | ||
| 044 | |c XA-DE | ||
| 050 | 0 | |a NA2706.G3 | |
| 082 | 0 | |a 720.222 | |
| 084 | |a 45 |2 sdnb | ||
| 084 | |a 45 |a 38 |a 46 |2 sdnb | ||
| 084 | |a 9,10 |2 ssgn | ||
| 084 | |a ZG 9140 |2 rvk |0 (DE-625)rvk/156028: | ||
| 084 | |a ZH 4700 |2 rvk |0 (DE-625)rvk/156148: | ||
| 084 | |a LK 79220 |2 rvk |0 (DE-625)rvk/98241: | ||
| 084 | |a ZH 3550 |2 rvk |0 (DE-625)rvk/156121: | ||
| 084 | |a LH 46520 |2 rvk |0 (DE-625)rvk/93622: | ||
| 084 | |a LH 67220 |2 rvk |0 (DE-625)rvk/94589: | ||
| 084 | |a 21.60 |2 bkl | ||
| 084 | |a 56.61 |2 bkl | ||
| 245 | 0 | 0 | |a Dreiecks-Verhältnisse |b Architektur- und Ingenieurzeichnungen aus vier Jahrhunderten ; [Ausstellung im Germanischen Nationalmuseum Nürnberg vom 25. Juli bis 22. September 1996] |c [Germanisches Nationalmuseum]. [Katalogbearb.: Werner Broda] |
| 263 | |a kart. : ca. DM 35.00 (freier Pr.) | ||
| 264 | 1 | |a Nürnberg |b Verlag des Germanischen Nationalmuseums |c 1996 | |
| 300 | |a 191 S. |b zahlr. Ill. und graph. Darst. |c 27 cm | ||
| 336 | |a Text |b txt |2 rdacontent | ||
| 336 | |a unbewegtes Bild |b sti |2 rdacontent | ||
| 337 | |a ohne Hilfsmittel zu benutzen |b n |2 rdamedia | ||
| 338 | |a Band |b nc |2 rdacarrier | ||
| 490 | 0 | |a Ausstellungskatalog des Germanischen Nationalmuseums | |
| 500 | |a Literaturverzeichnis Seite 188 - 191 | ||
| 505 | 8 | |a Literaturverz. S. 188 - 191 | |
| 583 | 1 | |a Archivierung/Langzeitarchivierung gewährleistet |f SSG |x XA-DE-BW |2 pdager |5 DE-16 | |
| 648 | 7 | |a Geschichte |2 gnd | |
| 648 | 7 | |a Geschichte 1500-1900 |2 gnd | |
| 650 | 0 | 7 | |0 (DE-588)4112681-6 |0 (DE-627)105835447 |0 (DE-576)209469978 |a Bauwerk |2 gnd |
| 650 | 0 | 7 | |0 (DE-588)4059205-4 |0 (DE-627)104409606 |0 (DE-576)209129956 |a Technik |2 gnd |
| 650 | 0 | 7 | |0 (DE-588)4067453-8 |0 (DE-627)106108913 |0 (DE-576)209169907 |a Zeichnen |2 gnd |
| 650 | 0 | 7 | |0 (DE-588)4068827-6 |0 (DE-627)106104853 |0 (DE-576)20917482X |a Architekturzeichnung |2 gnd |
| 650 | 0 | 7 | |0 (DE-588)4133914-9 |0 (DE-627)104755989 |0 (DE-576)20964785X |a Technische Zeichnung |2 gnd |
| 650 | 4 | |a technische Zeichnung, Sakralarchitektur, Biographie | |
| 653 | 0 | |a Architectural drawing |a Germany |a Exhibitions | |
| 655 | 7 | |a Ausstellungskatalog |y 1996 |z Nürnberg |0 (DE-588)4135467-9 |0 (DE-627)10566491X |0 (DE-576)209660988 |2 gnd-content | |
| 689 | 0 | 0 | |d s |0 (DE-588)4068827-6 |0 (DE-627)106104853 |0 (DE-576)20917482X |a Architekturzeichnung |2 gnd |
| 689 | 0 | 1 | |a z |2 gnd |a Geschichte |
| 689 | 0 | |5 DE-101 | |
| 689 | 1 | 0 | |d s |0 (DE-588)4068827-6 |0 (DE-627)106104853 |0 (DE-576)20917482X |a Architekturzeichnung |2 gnd |
| 689 | 1 | 1 | |a z |2 gnd |a Geschichte |
| 689 | 1 | |5 (DE-627) | |
| 700 | 1 | |a Broda, Werner |e Hrsg. |4 edt | |
| 710 | 2 | |a Germanisches Nationalmuseum |0 (DE-588)36441-1 |0 (DE-627)100837735 |0 (DE-576)190346388 |4 oth | |
| 787 | 0 | 8 | |i Rezensiert in |a Hofrichter, Hartmut, 1939 - |t [Rezension von: Dreiecks-Verhältnisse, Architektur- und Ingenieurzeichnungen aus vier Jahrhunderten] |d Braubach : Europäisches Burgeninstitut, 1997 |w (DE-627)1810736854 |
| 856 | 4 | 2 | |u https://swbplus.bsz-bw.de/bsz053297547inh.htm |m B:DE-576;DE-14 |q application/pdf |v 20090526153258 |x Verlag |3 Inhaltsverzeichnis |7 1 |
| 856 | 4 | 2 | |u https://scans.hebis.de/HEBCGI/show.pl?05100696_toc.pdf |m V:DE-603;B:DE-17 |q application/pdf |3 Inhaltsverzeichnis |7 1 |
| 935 | |a BGTS | ||
| 935 | |i Blocktest | ||
| 936 | r | v | |a ZG 9140 |b Technisches Zeichnen |k Technik |k Technik allgemein |k Technisches Zeichnen |0 (DE-627)1270742337 |0 (DE-625)rvk/156028: |0 (DE-576)200742337 |
| 936 | r | v | |a ZH 4700 |b Allgemeines |k Technik |k Architektur |k Baugeschichte |k Allgemeines |0 (DE-627)127149339X |0 (DE-625)rvk/156148: |0 (DE-576)20149339X |
| 936 | r | v | |a LK 79220 |b Allgemeines, epochenübergreifende Darstellungen |k Kunstgeschichte |k Kunst nach Ländern bzw. Kontinenten |k Deutschland |k Deutsche Kunstgeschichte nach Gattungen |k Architektur |k Architekturzeichnung |k Allgemeines, epochenübergreifende Darstellungen |0 (DE-627)1271167573 |0 (DE-625)rvk/98241: |0 (DE-576)201167573 |
| 936 | r | v | |a ZH 3550 |b Architekturzeichnen , Bauaufnahme |k Technik |k Architektur |k Architekturpraxis |k Architekturzeichnen , Bauaufnahme |0 (DE-627)1271535629 |0 (DE-625)rvk/156121: |0 (DE-576)201535629 |
| 936 | r | v | |a LH 46520 |b Nürnberg |k Kunstgeschichte |k Allgemeines. Allgemeine Kunstgeschichte |k Ausstellungswesen, Ausstellungskataloge |k Ausstellungskataloge |k Orte N |k Nürnberg |0 (DE-627)1270699822 |0 (DE-625)rvk/93622: |0 (DE-576)200699822 |
| 936 | r | v | |a LH 67220 |b Allgemeines, epochenübergreifende Darstellungen |k Kunstgeschichte |k Allgemeines. Allgemeine Kunstgeschichte |k Kunstgeschichte einzelner Gattungen der Kunst |k Architektur |k Architekturzeichnung |k Allgemeines, epochenübergreifende Darstellungen |0 (DE-627)1271105993 |0 (DE-625)rvk/94589: |0 (DE-576)201105993 |
| 936 | b | k | |a 21.60 |j Baugeschichte: Allgemeines |0 (DE-627)106421247 |
| 936 | b | k | |a 56.61 |j Architektonisches Zeichnen |0 (DE-627)106415301 |
| 936 | s | n | |a l300 |2 mzub |
| 936 | s | n | |a z200 |2 mzub |
| 951 | |a BO | ||
| 990 | |a Architekturzeichnung | ||
| 990 | |a Geschichte | ||
| 990 | |a Architekturzeichnung | ||
| 990 | |a Geschichte | ||
| 991 | |a Rezensiertes Werk | ||
| 999 | |a KXP-PPN212643207 |e 4185190913 | ||


